Dictionnaire grec-français (Record no. 161990)

MARC details
000 -LEADER
campo de control de longitud fija 00703nam a22001815i 4500
001 - NÚMERO DE CONTROL
campo de control 161990
003 - IDENTIFICADOR DE NÚMERO DE CONTROL
campo de control ES-MaACL
005 - FECHA Y HORA DE LA ÚLTIMA TRANSACCIÓN
campo de control 20230906212411.0
008 - DATOS DE LONGITUD FIJA--INFORMACIÓN GENERAL
campo de control de longitud fija 041026s1894 fr |||| | fre d
040 ## - FUENTE DE CATALOGACIÓN
Centro catalogador/agencia de origen CAM
Lengua de catalogación spa
Centro/agencia transcriptor CAM
100 1# - ENTRADA PRINCIPAL--NOMBRE DE PERSONA
Nombre de persona Pessonneaux, Émile.
9 (RLIN) 131064
245 10 - MENCIÓN DEL TÍTULO
Título Dictionnaire grec-français
Resto del título : rédigé espécialement a l'usage des classes... /
Mención de responsabilidad, etc. par Emile Pessonneaux.
250 ## - MENCION DE EDICION
Mención de edición 5e éd. rev. et corr.
260 ## - PUBLICACIÓN, DISTRIBUCIÓN, ETC.
Lugar de publicación, distribución, etc. Paris :
Nombre del editor, distribuidor, etc. Librairie Classique Eugène Belin, Bèlin Frères,
Fecha de publicación, distribución, etc. 1894.
300 ## - DESCRIPCIÓN FÍSICA
Extensión VI, [2], 1604 p. ;
Dimensiones 25 cm.
650 #4 - PUNTO DE ACCESO ADICIONAL DE MATERIA--TÉRMINO DE MATERIA
Término de materia o nombre geográfico como elemento de entrada Lengua griega-
Subdivisión de forma Diccionarios-
Subdivisión general Francés.
9 (RLIN) 157111
852 ## - LOCALIZACIÓN
Ubicación ES-MaACL
Número de control de estantería F-5654-5654 bis
Nota libre -- Enc. pasta española
-- -- Enc. 1 t. en 2 v.
Holdings
Estatus retirado Estado de pérdida Estado de daño No para préstamo Colección Biblioteca de origen Biblioteca actual Ubicación en estantería Fecha de adquisición Fuente de adquisición Total de préstamos Signatura topográfica completa Código de barras Visto por última vez Precio de reemplazo Tipo de ítem Koha
        Libros del s. XIX Biblioteca del Ateneo de Madrid Biblioteca del Ateneo de Madrid Depósito 2 17/01/2008     F-5654-5654 bis 1169690 23/02/2023 23/02/2023 Libro impreso antiguo